| 000 | 00844nam a2200265 i 4500 | ||
|---|---|---|---|
| 003 | DO-SdBNP | ||
| 005 | 20240226141827.0 | ||
| 006 | a||||gr|||| 00| 0 | ||
| 007 | ta | ||
| 008 | 230928e2009 dr ||||| |||| 00| 0 eng d | ||
| 020 | _a9993476528 | ||
| 040 |
_aDO-SdBNP _bspa _cBNPHU _erda |
||
| 082 | 4 |
_222 _bV531 |
|
| 100 | 1 |
_aVerne, Julio, _d1828-1905 _eautor _91073 |
|
| 245 | 1 | 0 |
_aLa vuelta al mundo en 80 días. / _cJulio Verne; ilustraciones, José Lovera |
| 264 | 4 |
_aSanto Domingo : _bFondo Editorial, _bTOBOGAN, _c2009 |
|
| 300 |
_a206 páginas : _bIlustraciones ; _c22 cm. |
||
| 336 |
_2rdacontent _atexto _btxt |
||
| 337 |
_2rdamedia _asin mediación _bn |
||
| 338 |
_2rdacarrier _avolumen _bnc |
||
| 490 | _aClásicos Universales TOBOGAN | ||
| 590 | _aInventariado 2023 / MF | ||
| 700 | 1 |
_aLovera, José, _91072 _eautor |
|
| 942 |
_2ddc _cLBS1 |
||
| 999 |
_c55009 _d55009 |
||